Phrases coined/popularized by Shakespeare - Statistics

General Stats
  • This quiz has been taken 1,283 times
  • The average score is 8 of 16
Answer Stats
Hint Answer % Correct
Wild _____ chase goose
95%
In the twinkling of an ___ eye
90%
Seen better ____ days
87%
Eaten out of _____ and home house
86%
Neither _____ nor reason rhyme
83%
One ____ swoop fell
78%
Budge an ____ inch
71%
Forgone __________ conclusion
67%
_______ bedfellows Strange
65%
______ in the madness Method
45%
____ or circumstance Pomp
37%
A _____ sight sorry
24%
A spotless __________ reputation
7%
Full ______ circle
3%
It smells like ______ heaven
1%
Swift as a ______ shadow
1%
No matching quizzes found
Score Distribution
Percent of People with Each Score
Percentile by Number Answered
Your Score History
You have not taken this quiz